Every Premier League Goalscorer for Wigan Athletic - Statistics

General Stats
  • This quiz has been taken 33 times
  • The average score is 21 of 58
Answer Stats
Player % Correct
Hugo Rodallega
77%
Antonio Valencia
68%
Ben Watson
68%
Franco Di Santo
64%
Emile Heskey
59%
Jason Roberts
59%
Jimmy Bullard
59%
Leighton Baines
59%
Paul Scharner
59%
Henri Camara
55%
Ryan Taylor
55%
Shaun Maloney
55%
Charles N'Zogbia
50%
James McArthur
50%
Maynor Figueroa
50%
Amr Zaki
45%
Arouna Koné
45%
Gary Caldwell
45%
James McCarthy
45%
Jordi Gómez
45%
Callum McManaman
41%
David Thompson
41%
Emmerson Boyce
41%
Marcus Bent
36%
Titus Bramble
36%
Victor Moses
36%
Denny Landzaat
32%
Lee McCulloch
32%
Matt Jackson
32%
Pascal Chimbonda
32%
Antoine Sibierski
27%
Damien Francis
27%
David Unsworth
27%
Iván Ramis
27%
Jason Koumas
27%
Kevin Kilbane
27%
Marlon King
27%
Mido
27%
Mohamed Diamé
27%
Roger Espinoza
27%
Antolín Alcaraz
23%
Jean Beausejour
23%
Neil Mellor
23%
Tom Cleverley
23%
Andreas Johansson
18%
Conor Sammon
18%
Lee Cattermole
18%
Ronnie Stam
18%
Scott Sinclair
18%
Steve Gohouri
18%
Alan Mahon
14%
Albert Crusat
14%
Ángelo Henríquez
14%
Caleb Folan
14%
David Connolly
14%
David Cotterill
14%
Jason Scotland
14%
Olivier Kapo
14%
No matching quizzes found
Score Distribution
Percent of People with Each Score
Percentile by Number Answered
Your Score History
You have not taken this quiz